| 000 | 00692nam a22002537a 4500 | ||
|---|---|---|---|
| 003 | OSt | ||
| 008 | 260627b |||||||| |||| 00| 0 eng d | ||
| 020 | _a9789348596758 | ||
| 082 |
_a631.3 _bR16N |
||
| 100 | _aRajkumar, P. | ||
| 245 |
_aNexus in Agriculture Engineering _cRajkumar, P. |
||
| 260 |
_aNew Delhi _bTTPP _c2025 |
||
| 300 | _a450p. | ||
| 650 | _aAgricultural engineering. | ||
| 650 | _aAgriculture $x Environmental aspects. | ||
| 650 | _aWater-energy-food nexus. | ||
| 650 | _aSustainable agriculture. | ||
| 700 | _aMasilamani, P. | ||
| 700 | _aThiyagarajan, R. | ||
| 700 | _aNagarajan,M. | ||
| 700 | _a Sudagar, I.P | ||
| 700 | _aSujitha, E. | ||
| 942 |
_2ddc _cBK |
||
| 999 |
_c52404 _d52404 |
||